Statistics for Largest Deserts in the World

Click here to take the quiz!

General Stats

  • This quiz has been taken 38,002 times
  • The average score is 5 of 10

Answers on the Map

Answers color-coded by a green-red scale on the quiz's map according to % correct below.
 

Answer Stats

mi2Desert% Correct
3,300,000Sahara
99%
5,400,000Antarctic
86%
500,000Gobi
80%
900,000Arabian
57%
360,000Kalahari
49%
200,000Patagonian
19%
200,000Syrian
17%
220,000Great Victoria
16%
175,000Chihuahuan
13%
190,000Great Basin
13%

Score Distribution

Percentile by Number Answered

Percent of People with Each Score

Your Score History

You have not taken this quiz